LEADER 00912nam a2200241 i 4500 001 000000074118 003 CaOOAMICUS 005 20181031135127.0 008 070407s1943 it u000 u ita u 013 $a45290 040 $aSeMil$bita 100 1 $aStefanile, Mario.$0(OLS)http://semarc/name/36786 245 10$aQuasimodo /$cMario Stefanile. 260 $aPadova :$bCEDAM,$c1943. 300 $a72 p. ;$c19 cm. 490 0 $aGuide di Cultura Contemporanea [Cedam] ;$v10 500 $aContiene : Notizia biografica ; Notizia bibliografica ; Bibliografia critica. 830 0$aGuide di cultura contemporanea ;$v10.$0(OLS)http://semarc/title/419655 850 $aSeMil 852 $aSeMil$W1$xVenegono$y1$m1B V 24$j40270$B40270$CSeMilBibl$Z2$F40274 $81 996 $6245$aQuasimodo$9(OLS)http://semarc/title/120257 996 $6260$aPadova :$bCEDAM$9(OLS)http://semarc/publisher/30274 LEADER 00933nam a2200241 i 4500 001 000000105162 003 CaOOAMICUS 005 20020211000000.0 008 020211s1982 be u000 u lat u 013 $a77351 020 $a2503014046 040 $aSeMil$bita 245 10$aLibri 8.-14., Appendix. 1982. 300 $aP. 514-1183. 490 0 $aCorpus Christianorum. Series Latina ;$v140.A 773 0 $aGregorius I, $tGregorii Magni Opera.$dTurnholti : Brepols, 1982-$w()1735 773 0 $tRegistrum epistularum.$w()4156 830 0$aCorpus Christianorum. Series Latina ;$v140.A.$0(OLS)http://semarc/title/37 850 $aSeMil 852 $aSeMil$W1$xVenegono$y1$mSL2.J II 140/A$j61427$B61427$CSeMilBibl$Z2$F70793 $8I 961 $aSottoscrizione: Brepols 996 $6020$a2503014046$9(OLS)http://semarc/number/85173 996 $6245$aLibri 8.-14., Appendix. 1982$9(OLS)http://semarc/title/152292